000 00408nmm a2200145Ia 4500
008 251105s9999||||xx |||||||||||||||||und||
041 _aspa
100 _aOcaña, Araceli
245 0 _aTodo es posible en América
264 _a[Madrid, España] :
_bEdiciones B,
_c2017
300 _a328 páginas
650 _aSpanish narrative
856 _uhttps://public.digitaliapublishing.com/a/54518
942 _cCF
999 _c106426
_d106426